| 000 | 00542nam a22001577a 4500 | ||
|---|---|---|---|
| 003 | OSt | ||
| 005 | 20150910142421.0 | ||
| 008 | 150910b xxu||||| |||| 00| 0 eng d | ||
| 040 | _cRUA | ||
| 082 | _aAGR ថៃ 1995 B012 Or.1 | ||
| 100 |
_9241 _aថៃ ថេរាវុឌ្ឍ |
||
| 245 | _aបច្ចេកទេសដាំដុះដំណាំអំពៅនៅតំបន់ ស្រុកស្អាង ខេត្តកណ្តាល | ||
| 260 |
_aPhonm Penh _bRUA _c1995 |
||
| 300 |
_a50p. _bill. _c29cm. |
||
| 942 |
_2ddc _cAGR |
||
| 999 |
_c225 _d225 |
||